000 00477nam a22001697a 4500
005 20251108171124.0
008 250721s1981 xx 000 0 ara d
082 1 4 _a219/عبد
100 1 _aهارون، عبد السلام
245 1 0 _aتهذيب سيرة إبن هشام /
250 _aط8
264 1 _aالكويت :
_bدار البحوث العلمية،
_c1981.
300 _a416ص
650 1 7 _aالسيرة النبوية
942 _2ddc
_cBK
999 _c57185
_d57185